| 000 | 00911nam a2200277 i 4500 | ||
|---|---|---|---|
| 001 | bg | ||
| 100 | 1 | _aDZIDA, Marek | |
| 245 | 1 | 0 |
_aIdentyfikacja przyczyn niestacjonarności oraz niestabilności temperatury i ciśnienia gazów za komorą spalania turbiny gazowej / _cMarek Dzida. |
| 260 |
_aGdańsk : _bWydaw. PG, _c2000. |
||
| 300 |
_a123, [1] s. : _bil. ; _c24 cm. |
||
| 490 | 1 |
_aMonografie / Politechnika Gdańska ; _v16 |
|
| 500 | _aStreszcz. ang. | ||
| 504 | _aBibliogr. | ||
| 650 | 9 |
_aAeromechanika _xzagadnienia |
|
| 650 | 9 |
_aDiagnostyka techniczna _xzagadnienia |
|
| 650 | 9 |
_aSpalanie _xbadanie |
|
| 650 | 9 |
_aTurbiny gazowe _xbudowa i konstrukcje |
|
| 830 | 0 |
_aMonografie (Politechnika Gdańska) ; _v16 |
|
| 020 | _a8388007432 | ||
| 040 | _cBPK | ||
| 041 | 0 |
_apl _ben |
|
| 080 | _a621.438:533:544.4 | ||
| 920 | _a83-88007-43-2 | ||
| 942 | _cKS | ||
| 008 | s pl f |000 0 pol | ||
| 999 |
_c38422 _d38422 |
||
| 856 |
_uhttp://koha.tu.koszalin.pl/cgi-bin/koha/opac-detail.pl?biblionumber=38422 _yKatalog online BPK |
||